00488 2200193 4500001002100000005001500021008004100036020001800077035001900095041000700114082001000121090001600131100001700147245002000164260004100184300002700225500001200252650003000264INLIS00000000000329620241224112709241224||||||||| | ||| |||| || |  a979-637-300-9 0010-1224003296 aid0 a923.1 a923.1 SIU a0 aLie Chin Siu00aAbraham Lincoln aJakartabElex Media Komputindoc2009 a109 hlm.; ilus.: 20 cm aCet. 17 0aIlmu Sejarah dan Biografi